| 000 | 00835nam a22002417a 4500 | ||
|---|---|---|---|
| 005 | 20170124110051.0 | ||
| 010 | _aB-119582 | ||
| 020 |
_c580.00 _a9780761996514 |
||
| 035 | _aB-119582 | ||
| 037 | _bCen Lib/Ret | ||
| 040 |
_aDPL _bEN |
||
| 082 |
_a658.300954 _bCRE |
||
| 245 |
_aCreating performing organizations : _cedited by Biswajeet Pattanayak [and] Vipin Gupta _binternational oerspectives for indian management / |
||
| 260 |
_aNew Delhi _bResponse Books _c2002 |
||
| 270 |
_bNew Delhi _aM-32, Greater Kailash-1 _e110048 |
||
| 300 |
_a588p. _c23cm(pbk) |
||
| 500 | _aIncludes index | ||
| 650 |
_aOrganizational effetiveness _zIndia _925426 |
||
| 650 |
_aLeadership _zIndia _925427 |
||
| 700 |
_aPattanayak, Bswajeet _988359 |
||
| 700 |
_aGupta, Vipin _925428 |
||
| 942 |
_2ddc _cEN _h658.300954 _mCRE |
||
| 999 |
_c129105 _d129105 |
||